000 01125cam a22003134a 4500
001 5601
003 FISKH
005 20250815121754.0
008 040630s2005 nyua b 001 0 eng
010 _a 2004015307
020 _a0516258788 (hardcover)
020 _a9780516258782
040 _aDLC
_cDLC
_dDLC
_beng
050 _aQM101.D47
082 _a611.71
100 1 _aDerKazarian, Susan,
_d1969-
245 1 0 _aYou have healthy bones! /
_cby Susan DerKazarian.
260 _aNew York :
_bChildren's Press,
_c2005.
300 _a31 pages :
_bcolor illustrations ;
_c19 cm
440 0 _aRookie read-about health
505 _aJ
520 _aThe popular Rookie Books expand their horizons - to all corners of the globe! With this series all about geography, emergent readers will take off on adventures to cities, nations, waterways, and habitats around the world...and right in their own backyards.
521 8 _a470
_bLexile
521 8 _aJ
_bRaz-Plus
650 0 _aBones
_vJuvenile literature.
906 _a7
_bcbc
_corignew
_d1
_eecip
_f20
_gy-gencatlg
942 _2ddc
_cBK
_n0
999 _c5601
_d5601